Normal view
MARC view
- Jodidio P
Entry Personal Name
001 - CONTROL NUMBER
- control field: 26963
003 - CONTROL NUMBER IDENTIFIER
- control field: OSt
005 - DATE AND TIME OF LATEST TRANSACTION
- control field: 20220803173016.0
008 - FIXED-LENGTH DATA ELEMENTS
- fixed length control field: 220803|| aca||aabn | a|a d
040 ## - CATALOGING SOURCE
- Original cataloging agency: OSt
- Transcribing agency: OSt
100 ## - HEADING--PERSONAL NAME
- Personal name: Jodidio P
670 ## - SOURCE DATA FOUND
- Source citation: Work cat.: (OSt)17165: Jodidio P, Calatrava : Complete Works 1979 -Today., 2018